Quizzes
Events
Quiz Creation
Community
Videos
Private Events
Remove Ads
Sign In
Join for FREE
Feedback
Dark Mode
Quiz Categories
Sports
Geography
Music
Movies
Television
Just For Fun
Miscellaneous
History
Literature
Language
Science
Gaming
Entertainment
Religion
Holiday
For Kids
Quiz Lab
Recent
Popular Today
Quiz Kudos Today
Editor Picks
Curator Picks
Quizzes by...
Day
Popularity
Type
Ratings
Length
Year
Community
Subscriptions
Recent Discussions
Orange Saloon
Badges
Playlists
Quests
Create
Leaderboards
Showdown
Live 5
Trivia Bingo
Activity
Puzzle Library
Sporcle Events
Private Events
Virtual Trivia
Globe League
Become a Host
Pub Owners
SporcleCon
Opinionation
Our Games
Videos
Blog
Mobile Apps
Partnerships
Remove Ads and Go Orange
Feedback
Religion
Mythology
Religious Music
World Religions
Bible
Christianity
Catholicism
Judaism
Church
Scripture
Islam
Verse
Religion
Mythology
Religious Music
World Religions
Bible
Christianity
Catholicism
Judaism
Church
Scripture
Islam
Verse
Random Quiz
Search Sporcle
×
Quiz Lab
Quiz Lab
Religion
Mythology
Type in answers that appear in a list
Type in answers that appear in a list
Classic
Best Score? Go Orange.
The Three Furies Stats
Can you name the three Furies from Greek and Roman mythology?
By
pdigoe
2m
3 Questions
155 Plays
155 Plays
155 Plays
Comments
Comments
Give Quiz Kudos
Give Quiz Kudos
-
- Ratings
hide this ad
Replay
Link that replays current quiz
Next Quiz
Link to next quiz in quiz playlist
You Got
0%
They Got
Avg Score
84%
Avg Friend Score
Upgrade to see
Score Distribution
Jump to the score distribution portion of the page
Score
0/3
Timer
02:00
0
Plays Today
Fury
% Correct
Alecto (Endless)
96.1%
Tisiphone (Punishment)
78.7%
Megaera (Jealous Rage)
77.4%
Quiz Playlist
Details
Report
Send in Message
Add To Playlist
Classic:
Type in answers that appear in a list
Last Updated: Feb 16, 2017
Quiz Scoreboard
CHALLENGE
Sign Up to Join the Scoreboard
Show All
Scores
Hide
Comments
May contain spoilers
Recently Published
Movies - When Are They Set?
by FPL_Elf
Movies
5m
Popular People in 1961
by mucciniale
History
6m
1-10 Letter E Words III
by El_Dandy
Language
2m
More to Explore
Quiz From the Vault
Featured Blog Post
Where Did the Easter Bunny Come From?
hide this ad
You Might Also Like...
Tags
Mythology Quiz
endless
Fury
Greco-Roman
Greek
Greek Mythology
Italy
Olympus
punishment
rage
Roman
three
Today's Top Quizzes in Religion
Browse Religion
hide this ad
Today's Top Quizzes in Mythology
Browse Mythology
Top Contributed Quizzes in Religion
1
10 to 1: Islam
2
5-to-1: Children of Gods
3
Religion Who Wants To Be A Millionaire
4
5-to-1: European Churches
5
10 to 1: Protestantism
6
Order Up: Seven Last Words of Christ
7
10 to 1: Norse Religion
8
One Thing in Common: Mythology
9
Prime Time: Religion
10
10 to 1: Judaism
Explore More
Trending Topics
Kpop
Harry Potter
Marvel
Crossword
NBA
Disney
Anime
Song
Pokémon
Puzzle
WWE
NFL
The Office
Soccer
Country
hide this ad
More By:
pdigoe
Quiz
Plays
Rating
Category
Featured
Created
NBA Nickname Picture Click
155,357
4.50
Sports
Nov 6, 2017
Somewhere in the Middle (Sports)
153,271
4.21
Sports
Oct 10, 2016
Somewhere in the Middle (Geography)
120,370
4.06
Geography
Nov 8, 2016
Top 10 Power Forwards (ESPN)
101,995
4.26
Sports
Feb 24, 2016
What's in a Male Name?
77,087
4.48
Language
May 5, 2016
Go to Creator's Profile
Score Distribution
Quiz Creator Spotlight
pdigoe
Follow
Send a Message
Quizzes Created
-
Created Quiz Play Count
-
More By This Creator
Popular Quizzes Today
1
Find the Countries of Europe - No Outlines Minefield
2
Find the US States - No Outlines Minefield
3
The Countries of the World
4
Popular People in 1961
5
US States
6
1-10 Letter E Words III
7
Find the US States
8
One Thing in Common: World Cities II
More Religion Quizzes
Cover the Alphabet - Names of Popes
Published
Trending Quizzes
Risky Map Clicking: Least Populous States A-Z
1-10 Letter F Words
1-10 Letter G Words
One Thing in Common: United Kingdom
Risky Map Clicking: Next State Alphabetically
Recently Updated
Leaping Animals
pecheneg
Reality TV Shows (A-Z)
bhenderson79
Rickey Henderson's Hall of Fame Teammates
pecheneg
Champions League XIs: Arsenal
pecheneg
Quick Pick: Celebrities in WWE's Hall of Fame
aduchscher
A-Z Keypad Blitz II
pecheneg
Multiple Oscar Actors
pecheneg
Mystery Phrase Blitz: Oscar 'Best Actors'
pecheneg
F. Scott Fitzgerald Novels
LTH
Pick 3 Villains
ddd62291
Trending Topics
Marvel
Crossword
Anime
NBA
Kpop
Harry Potter
Disney
Country
Soccer
Song
Puzzle
Pokémon
NFL
WWE
The Office
Your Account Isn't Verified!
In order to create a playlist on Sporcle, you need to verify the email address you used during registration. Go to your
Sporcle Settings
to finish the process.
Report this User
Report this user for behavior that violates our
Community Guidelines
.
Details:
Send Report
Go to the Sporcle.com Mobile Site →
Comments